01250nam a2200325Ia 4500001001200000003000800012006001900020007001500039008004100054020002300095020001800118020001800136040002100154035002100175050002400196100005300220245008300273260004600356300003700402504005100439533015200490650001400642650001700656650002100673655002900694710001700723830004100740856012600781999001700907ebr10279371CaPaEBRm u cr cn|||||||||990126s1998 enkac sb 001 0 eng d z0195126602 (Paper) z9780195126600 z9786610471867 aCaPaEBRcCaPaEBR a(OCoLC)64680073614aHQ1090b.M67 1998eb1 aMosse, George L.q(George Lachmann),d1918-1999.14aThe image of manh[electronic resource] :bthe creation of modern masculinity. aOxford :bOxford University Press,c1998. a240 p. :bill., facsims., ports. aIncludes bibliographical references and index. aElectronic reproduction.bPalo Alto, Calif. :cebrary,d2013.nAvailable via World Wide Web.nAccess may be limited to ebrary affiliated libraries. 0aMachismo. 0aMasculinity. 0aMenxPsychology. 7aElectronic books.2local2 aebrary, Inc. 0aStudies in the history of sexuality.40uhttp://site.ebrary.com/lib/rucke/Doc?id=10279371zAn electronic book accessible through the World Wide Web; click to view c18831d18831